000 00992cam a22002291 4500
001 e 25000079
003 DLC
005 20260227111216.0
008 800516s1924 mauag s000 0 eng c
010 _ae 25000079
035 _a(OCoLC)6324140
040 _aLibrary, U.S. Bur. of Education
_cTxCM
_dDLC
042 _apremarc
050 0 0 _aL160
_b.B17 1924, no. 1
110 1 _aMassachusetts.
_bDepartment of Education.
_bDivision of Elementary and Secondary Education and Normal Schools.
245 1 0 _aPhysical education in the public schools;
_ba manual for teachers in junior and senior high schools ...
_cPublication division of elementary and secondary education and normal schools ...
260 _a[Boston,
_c1924]
300 _a64 p. incl. diagrs., music.
_c23 cm.
490 0 _aBulletin of the Department of education, 1924,
_vno. 1. Whole no. 147
500 _aAt head of title: The commonwealth of Massachusetts ...
650 0 _aPhysical education and training
_zMassachusetts.
999 _c20744
_d20744